The stone virgins / (Record no. 5437)
[ view plain ]
| 000 -LEADER | |
|---|---|
| fixed length control field | 00722cam a22002297a 4500 |
| 001 - CONTROL NUMBER | |
| control field | 0000005654 |
| 005 - DATE AND TIME OF LATEST TRANSACTION | |
| control field | 20170406120904.0 |
| 008 - FIXED-LENGTH DATA ELEMENTS--GENERAL INFORMATION | |
| fixed length control field | 030115s2002 rh a 000 0 eng |
| 010 ## - LIBRARY OF CONGRESS CONTROL NUMBER | |
| LC control number | 2002375911 |
| 020 ## - INTERNATIONAL STANDARD BOOK NUMBER | |
| International Standard Book Number | 1779220022 |
| 035 ## - SYSTEM CONTROL NUMBER | |
| System control number | (DLC) 2002375911 |
| 040 ## - CATALOGING SOURCE | |
| Original cataloging agency | DLC |
| Transcribing agency | DLC |
| 042 ## - AUTHENTICATION CODE | |
| Authentication code | ode=LC overseas data entry |
| 050 00 - LIBRARY OF CONGRESS CALL NUMBER | |
| Classification number | MLCS 2003/00725 (P) |
| 100 1# - MAIN ENTRY--PERSONAL NAME | |
| Personal name | Vera, Yvonne. |
| 245 14 - TITLE STATEMENT | |
| Title | The stone virgins / |
| Statement of responsibility, etc. | Yvonne Vera. |
| 260 ## - PUBLICATION, DISTRIBUTION, ETC. | |
| Place of publication, distribution, etc. | Avondale, Harare, Zaimbabwe : |
| Name of publisher, distributor, etc. | Weaver Press, |
| Date of publication, distribution, etc. | 2002. |
| 300 ## - PHYSICAL DESCRIPTION | |
| Extent | viii, 165 p. : |
| Other physical details | ill. ; |
| Dimensions | 21 cm. |
| 500 ## - GENERAL NOTE | |
| General note | "This edition for sale in South Africa and Zimbabwe"--T.p. verso. |
| 852 1# - LOCATION | |
| -- | p12.00usd |
| 908 ## - PUT COMMAND PARAMETER (RLIN) | |
| Put command parameter | 150115 |
| Withdrawn status | Lost status | Source of classification or shelving scheme | Damaged status | Not for loan | Home library | Current library | Shelving location | Date acquired | Total Checkouts | Full call number | Barcode | Date last seen | Price effective from | Koha item type | Copy number |
|---|---|---|---|---|---|---|---|---|---|---|---|---|---|---|---|
| CUZ Harare Campus | CUZ Harare Campus | Open Shelf | 06.04.2017 | MLCS 00725. p | BK0007200 | 22.05.2025 | 06.04.2017 | OS Book | |||||||
| CUZ Harare Campus | CUZ Harare Campus | Open Shelf | 06.04.2017 | MLCS 00725. p | BK0006770 | 22.05.2025 | 06.04.2017 | OS Book | CU12900 |